Catalog

Record Details

Catalog Search



Keys to the kingdom Cover Image CD Audiobook CD Audiobook

Keys to the kingdom [sound recording] / Bob Graham.

Graham, Bob. (Author). Tantor Media, Inc. (Added Author).

Summary:

In this novel of suspense from former senator and Florida governor Bob Graham, Special Forces operative Tony Ramos must investigate the possibility of Saudi complicity in 9/11 after the murder of former senator and co-chair of the 9/11 Congressional Inquiry Commission John Billington.

Record details

  • ISBN: 9781452632490
  • ISBN: 1452632499
  • Physical Description: 6 sound discs (7.00 hr.) : digital ; 4 3/4 in.
  • Edition: Library edition.
  • Publisher: [Old Saybrook, Ct.] : Tantor Media, Inc., 2011.

Content descriptions

General Note:
Unabridged.
Compact discs.
Participant or Performer Note:
Read by George K. Wilson.
Target Audience Note:
General adult.
Subject: Terrorism > Prevention > Fiction.
Terrorists > Fiction.
Conspiracies > Fiction.
Saudi Arabia > Fiction.
Genre: Audiobooks.

LDR 01550nim a2200397Mi 4500
001138133
003CONS
00520141216134334.0
007sd fungnnmmned
008110406s2011 ctunnnn f n eng d
020 . ‡a9781452632490
020 . ‡a1452632499
035 . ‡a(CPomAG)LMN586635
043 . ‡aa-su---
05014. ‡aPS3607.R3364 ‡bK49 2011b
072 7. ‡aFIC ‡x031000 ‡2bisacsh
08204. ‡a813/.6 ‡223
1001 . ‡aGraham, Bob. ‡4author
24510. ‡aKeys to the kingdom ‡h[sound recording] / ‡cBob Graham.
250 . ‡aLibrary edition.
260 . ‡a[Old Saybrook, Ct.] : ‡bTantor Media, Inc., ‡c2011.
300 . ‡a6 sound discs (7.00 hr.) : ‡bdigital ; ‡c4 3/4 in.
500 . ‡aUnabridged.
500 . ‡aCompact discs.
5110 . ‡aRead by George K. Wilson.
520 . ‡aIn this novel of suspense from former senator and Florida governor Bob Graham, Special Forces operative Tony Ramos must investigate the possibility of Saudi complicity in 9/11 after the murder of former senator and co-chair of the 9/11 Congressional Inquiry Commission John Billington.
521 . ‡aGeneral adult.
650 0. ‡aTerrorism ‡xPrevention ‡vFiction.
650 0. ‡aTerrorists ‡vFiction.
650 0. ‡aConspiracies ‡vFiction.
651 0. ‡aSaudi Arabia ‡vFiction.
655 7. ‡aAudiobooks. ‡2lcgft
7102 . ‡aTantor Media, Inc.
914 . ‡aSCP_pc
959 . ‡i32269000933435 ‡lBK/CD Gra ‡aAdult - Audiobook ‡tAudiobook ‡g82.00 ‡d" 10 CD''s please count "
852 . ‡p32269000933435 ‡jBK/CD Gra ‡gAdult - Audiobook ‡cAudiobook ‡y82.00 ‡bSBPL
901 . ‡a138133 ‡bUnknown ‡c138133 ‡tbiblio

Additional Resources